01563 a2200181 45000010006000000050017000060080041000230030015000640400040000790800048001192450078001670200018002452640033002633000028002965051020003240410008013441000029013524143520260407155708.0260407a1987 arg spa dAR-UNSa-BCEJYS aAR-UNSa-BCEJYSbspacAR-UNSa-BCEJYS a347.44xContratos en general. Obligaciones 10aContratos con cláusulas predispuestaspcondiciones negociales generales a950-508-225-8 1aBuenos Aires :bAstreac1987 axxxviii, 692 p.c23 cm. a1. Tráfico de masa - 2. Intereses difusos, derecho de la consumición, acceso a la justicia y condiciones negociables generales - 3. Rasgos característicos de las condiciones negociables generales. Publicidad. Monopolios. "Kartelle" - 4. Concepto de condiciones negociables generales - 5. Definición y elementos de las condiciones negociables generales - 6. Negociación individual. Sujetos. Colisión de condiciones generales de empresas. Forma. Incorporación contractual - 7. Historia. Empresa. Economía. Técnica. Poder. Poder bancario. Prehorizontalidad - 8. El acto preformulado. Contrato de adhesión. Formulario para contrato. Actos notariales. Cláusula de estilo. Contrato preliminar. Contrato normativo. Directivo. Contrato Leonino. Otos supuestos - 9. Esencia jurídica - 10. Autonomía privada - 11. El consentimiento en la contratación moderna - 12. Cláusulas abusivas y sorpresivas. Limitación o exclusión de responsabilidad - 13. Cláusulas de riesgo - 14. Interpretación aspa1 aRezzónico, Juan Carlos